Steven Spielberg Actors - Sudden Death - Statistics

General Stats
  • This quiz has been taken 138 times
  • The average score is 7 of 20
Answers on the Grid
Answers color-coded by a green-red scale on the quiz's grid according to % correct below.
Arnold Schwarzenegger
Christian Bale
Penelope Cruz
Lucy Liu
Drew Barrymore
Tom Cruise
Alfred Molina
Alice Braga
Anna Paquin
Ricky Gervais
Paul Dano
Djimon Hounsou
Daniel Craig
Michael Caine
Whoopi Goldberg
Will Smith
Jeff Goldblum
Vince Vaughn
Maggie Smith
Lance Henriksen
Josh Hutcherson
Seth Rogen
Jennifer Lopez
Robin Williams
Laura Dern
John C. Reilly
Samuel L. Jackson
Sean Connery
Wayne Knight
Walton Goggins
 
Answer Stats
Answer % Correct
Drew Barrymore
67%
Tom Cruise
63%
Jeff Goldblum
62%
Laura Dern
56%
Christian Bale
54%
Samuel L. Jackson
52%
Whoopi Goldberg
50%
Robin Williams
47%
Wayne Knight
39%
Sean Connery
38%
Paul Dano
32%
Djimon Hounsou
30%
Alfred Molina
29%
Vince Vaughn
27%
Daniel Craig
23%
Seth Rogen
17%
Walton Goggins
16%
Anna Paquin
15%
Maggie Smith
15%
Lance Henriksen
11%
No matching quizzes found
Score Distribution
Percent of People with Each Score
Percentile by Number Answered
Your Score History
You have not taken this quiz